000 00567nam a2200133 a 4500
008 120416s0000 xx |||||||||||||| || u
020 _a0521289807
050 _aQA 912 Dra
100 _aDrazin, P. G
245 1 0 _aHydrodynamic stability
350 _a0.00
995 _aANNEX COLLECTION (Main Library)
_D0.00
_e025904
_FCBU-MAIN LIBRARY (Kitwe)
_H2
_I22.95
_jQA 912 Dra
_UAVAILABLE
_y025904
_ZAnnex Low-Usage Collection
995 _aANNEX COLLECTION (Main Library)
_D0.00
_e025872
_FCBU-MAIN LIBRARY (Kitwe)
_H1
_I22.95
_jQA 912 Dra
_UAVAILABLE
_y025872
_ZAnnex Low-Usage Collection
999 _c76271
_d76271